Qué es... la opción por los pobres /

Guardado en:
Detalles Bibliográficos
Autor principal: Lois, Julio (autor)
Formato: Libro
Idioma:Español
Publicado: Madrid, España : Paulinas, 1996, c1996
Etiquetas: Agrega una etiqueta
Sin etiquetas, Sé el primero en etiquetar este registro!

MARC

LEADER 00000nam^a2200000^a^4500
001 000626786
005 20260129000000.0
009 20260310134041.133
020 |a 84-89021-44-9 
037 |a Acervo Xavier Clavigero 
041 |a ESP 
091 |a FHG. 00821 
100 |a Lois, Julio  |e (autor) 
245 1 0 |a Qué es... la opción por los pobres / 
264 4 |a Madrid, España :  |b Paulinas,  |c 1996, c1996 
300 |a 48 p. 
336 |a texto  |b txt  |2 rdacontenido 
337 |a sin mediación  |b n  |2 rdamedio 
338 |a volumen  |b nc  |2 rdasoporte 
649 |a XX 
910 |a Fondo Humberto García Bedoy S.J. 
920 |a Impresos - Libros 
930 |a Fondos Especiales 
905 |a 148 
901 |a 626786-10  |b IT2  |c ESP  |i D  |u 20260129 
902 |a https://opac.biblio.iteso.mx/vufind/Record/000626786